|
|
|
|
| LEADER |
00000nam0a2200000 4500 |
| 001 |
57556 |
| 005 |
20231031054301.0 |
| 035 |
|
|
|a (RuTPU)RU\TPU\book\60724
|
| 090 |
|
|
|a 57556
|
| 100 |
|
|
|a 20031110d1966 k y0rusy50 ca
|
| 101 |
0 |
|
|a rus
|
| 102 |
|
|
|a RU
|
| 105 |
|
|
|a с z 011zy
|
| 200 |
1 |
|
|a Химическая кинетика и цепные реакции
|e Сборник статей
|e К 70 - летию академика Н. Н. Семенова
|f Академия Наук СССР, Институт химической физики АН СССР, под ред. В. Н. Кондратьева
|
| 210 |
|
|
|a Москва
|c Наука
|d 1966
|
| 215 |
|
|
|a 603 с.
|c ил.
|
| 320 |
|
|
|a Библиография в конце статей
|
| 600 |
|
1 |
|a Семенов
|g Николай Николаевич
|b Н. Н.
|c физик, один из основоположников химической физики
|c академик АН СССР, нобелевский лауреат
|f 1896-1986
|c аспирант Томского технологического института 20-х гг.
|2 stltpush
|3 (RuTPU)RU\TPU\pers\1099
|
| 610 |
1 |
|
|a химия
|
| 610 |
1 |
|
|a кинетика
|
| 610 |
1 |
|
|a цепные реакции
|
| 610 |
1 |
|
|a сборники
|
| 610 |
1 |
|
|a элементарные частицы
|
| 610 |
1 |
|
|a биологические процессы
|
| 610 |
1 |
|
|a горение
|
| 610 |
1 |
|
|a жидкости
|
| 610 |
1 |
|
|a газы
|
| 675 |
|
|
|a 544.42
|v 3
|
| 702 |
|
1 |
|a Кондратьев
|b В. Н.
|g Виктор Николаевич
|4 340
|
| 712 |
0 |
2 |
|a Академия наук СССР (АН СССР)
|b Институт химической физики им. Н. Н. Семенова (ИХФ)
|c (Москва)
|2 stltpush
|3 (RuTPU)RU\TPU\col\1482
|
| 801 |
|
1 |
|a RU
|b 63413507
|c 20031110
|g PSBO
|
| 801 |
|
2 |
|a RU
|b 63413507
|c 20160427
|g PSBO
|
| 942 |
|
|
|c BK
|